Statistics for World's busiest subway systems

Click here to take the quiz!

General Stats

  • This quiz has been taken 148 times
  • The average score is 21 of 30

Answer Stats

Annual ridershipYear openedAnswer% Correct
1,518,600,0001900Paris
99%
3,660,000,0001971Beijing
97%
1,378,000,0001890London
97%
1,756,800,0001904New York City
97%
3,336,246,726variousTokyo
97%
3,401,000,0001993Shanghai
92%
2,378,300,0001935Moscow
90%
1,767,100,0001979Hong Kong
86%
569,700,0001919Madrid
86%
534,500,0001902Berlin
85%
3,347,100,000variousSeoul
83%
1,605,000,0001969Mexico City
82%
1,007,900,0002002Delhi
79%
870,400,0001933Osaka
78%
1,307,800,0001974São Paulo
75%
2,800,000,0001997Guangzhou
71%
740,400,0001955Saint Petersburg
68%
1,314,000,0001987Cairo
64%
746,000,0001996Taipei
64%
1,008,000,0001987Singapore
59%
1,292,200,0002004Shenzhen
55%
693,000,0002005Chongqing
50%
717,000,0001999Tehran
48%
782,000,0002010Chengdu
45%
472,600,0001957Nagoya
45%
712,000,0002004Wuhan
45%
670,100,0001975Santiago
43%
484,600,0001960Kiev
33%
977,000,0002005Nanjing
28%
495,000,0001983Caracas
11%

Score Distribution

Percentile by Number Answered

Percent of People with Each Score

Your Score History

You have not taken this quiz